000 00286nam a22001337a 4500
008 171020b xxu||||| |||| 00| 0 eng d
020 _a9781405300261
041 _aeng
080 _a338
100 _a54
101 _aMEN
245 _aDEALING WITH E-MAIL
_cBRAKE,D
942 _2udc
_cBK
999 _c35211
_d35211